| 000 | 00643nam a2200205Ia 4500 | ||
|---|---|---|---|
| 003 | GCL | ||
| 008 | 140319s9999 xx 000 0 ara d | ||
| 020 | _a4078002977 | ||
| 040 |
_aGCL / _cGCL |
||
| 082 | 0 | 4 |
_aط _b001.2 _bد ك |
| 100 | 1 | _aمحمد صابر سليم | |
| 245 | 1 | 0 |
_aكتابك الاول عن : الميكروبات / _cمحمد صابر سليم |
| 700 | 1 | _aلويس ، لوسيا ز | |
| 250 | _aالثالثة | ||
| 260 |
_aالقاهرة : _bدار المعارف ، _c1994 |
||
| 300 |
_a64 ص ؛ _c24 سم |
||
| 490 |
_aكتابك الاول عن _v1 |
||
| 650 | 0 | 4 | _aالميكروبات، علم |
| 942 |
_2ddc _cBK |
||
| 999 |
_c41280 _d41280 |
||